All Undertaker WrestleMania Opponents - Statistics

General Stats
  • This quiz has been taken 172 times
  • The average score is 23 of 28
Answer Stats
Hint Answer % Correct
XXV Shawn Michaels
100%
XXVI Shawn Michaels
100%
XVII Triple H
98%
XXVII Triple H
98%
XXVIII Triple H
98%
XXX Brock Lesnar
97%
XXXIII Roman Reigns
95%
XXXIV John Cena
93%
XIV Kane
92%
XX Kane
92%
XXI Randy Orton
89%
XXXVI AJ Styles
88%
XXIII Batista
86%
XXIV Edge
86%
XIX The Big Show
86%
XXIX CM Punk
84%
XXXI Bray Wyatt
83%
XVIII Ric Flair
81%
XXXII Shane McMahon
81%
IX Giant Gonzalez
78%
XXII Mark Henry
76%
XIII Sycho Sid
73%
VII Jimmy Snuka
70%
XII Diesel
68%
XIX A-Train
67%
XV The Big Bossman
67%
XI King Kong Bundy
66%
VIII Jake Roberts
60%
No matching quizzes found
Score Distribution
Percent of People with Each Score
Percentile by Number Answered
Your Score History
You have not taken this quiz